00451 2200169 4500001002100000008004100021035002000062245007200082250001000154260003500164300001500199020001800214084001600232082001000248650001000258990001300268INLIS000000000000171 ind  a0010-0921000171 aSelebgrambKomik Kecil-Kecil Punya KaryacAryasatya Malik Allamshah aCet.2 aBandungbMuffin Graphicsc2016 a104c21 cm a9786023671991 a741.3 ARY s a741.3 aKomik aDI. 2309